00283nam a2200085 a 450000500170000000800410001705000210005810000280007924500900010720140408090006.0030602s19uu xx 00 eng d aPGS '98bTAN #30 aTan, Jefferson James F. aThe Effects of video games to the academic performance of SIS First Year high school.